Jüdische Volkszeitung unabhängiges Organ für die politischen, wirtschaftlichen und sozialen Interessen der Juden in der Slovakei

Podrobná bibliografia
Ďalší autori: Zobel, Moritz (Šéfredaktor, zodpovedný redaktor), Neumann, Oskar (Šéfredaktor, zodpovedný redaktor, Iso), Weiss, Bernhard (Iso), Komlósi, Soma (Iso)
Médium: Noviny
Jazyk:nemčina
Fyzický popis:15 zv. 47 cm
Vydavateľské údaje: Bratislava Volksverband der Juden für die Slovakei 1919-1933
Predmet:

MARC

LEADER 00000cas a2200000 a 4500
001 vtls010299074
003 SK-MaSNL
005 20260228163124.0
008 110809d19191933xo wr|ne 0 b0ger
040 |a SNK  |b slo  |c SNK  |e AACR2 
041 0 |a ger 
044 |a xo  |c SK 
072 7 |a 32  |x Politika  |2 konspekt 
080 |a 32  |2 2011 
080 |a (=411.16)  |2 2011 
080 |a 050  |2 2001 
080 |a 329(051)  |2 2011 
245 0 0 |a Jüdische Volkszeitung  |b unabhängiges Organ für die politischen, wirtschaftlichen und sozialen Interessen der Juden in der Slovakei 
260 |a Bratislava  |b Volksverband der Juden für die Slovakei  |c 1919-1933 
300 |a 15 zv.  |c 47 cm 
310 |a 1x týždenne 
362 0 |a Roč. I (1919)-roč. XV, č. 22 (23.6.1933) 
500 |a Hlav. red.: Moritz Zobel ; od 41/1926 Oskar Neumann 
500 |a Tlač.: Blumentaler filiále C. F. Wigand A.-G., Bratislava ; od 29/1922 Buchdruckerei und Verlags-Anstalt Ig. Steinmann G. m. b. H., Viedeň ; od 21/1923 Buchdruckerei Globus, Pezinok ; od 26/1923 C. F. Wigand A. G., Bratislava 
500 |a Čísla 47-54 z r. 1924 rozmnožené rotaprintom 
500 |a Zodp. red.: Bernhard Weiss ; od 35/1922 Soma Komlósi ; od 38/1930 Oskar Neumann 
650 0 7 |a Židia  |2 SNKPH  |9 3760 
650 0 7 |a politika  |2 SNKPH  |9 968 
655 7 |a časopisy politických strán a hnutí  |2 SNKPH  |9 237919 
700 1 |a Zobel, Moritz  |4 pbd  |9 273106 
700 1 |a Neumann, Oskar  |4 pbd  |4 Iso  |9 271379 
700 1 |a Weiss, Bernhard  |4 Iso  |9 273107 
700 1 |a Komlósi, Soma  |4 Iso  |9 273108 
910 |a snk 
999 |c 8900  |d 10830 
952 |0 0  |1 0  |4 0  |7 0  |a SNK  |b SNK  |d 2000-02-08  |l 0  |o snkČSA 99/7/1925  |p 17A0227965  |r 2005-01-02 00:00:00  |w 2026-02-21  |y PREZ 
952 |0 0  |1 0  |4 0  |7 0  |8 5  |a SNK  |b SNK  |d 2003-07-14  |i snkF 2599/77  |l 0  |o snkČSA 99/3/1921  |p 17A0388642  |r 2005-01-02 00:00:00  |w 2026-02-21  |y PREZ 
952 |0 0  |1 0  |4 0  |7 0  |a SNK  |b SNK  |d 2003-07-14  |l 0  |o snkČSA 99/1/1919  |p 17A0376331  |r 2005-01-02 00:00:00  |w 2026-02-21  |y PREZ 
952 |0 0  |1 0  |4 0  |7 0  |a SNK  |b SNK  |d 2003-07-14  |i snk 1300/33  |l 0  |o snkČSA 99/14/1932  |p 17A0388505  |r 2005-01-02 00:00:00  |w 2026-02-21  |y PREZ 
952 |0 0  |1 0  |4 0  |7 0  |a SNK  |b SNK  |d 2003-07-14  |i snk 1979/43  |l 0  |o snkČSA 99/15/1933  |p 17A0388367  |r 2005-01-02 00:00:00  |w 2026-02-21  |y PREZ